000 01810nam a2200265Ia 4500
005 20190123140358.0
008 130821s1917 ck a fr 1 spa d
040 _aCo-BoUCM
_bspa
_cSandra Yazo
_dSandra Yazo
041 0 _aspa
082 0 4 _a930
_220
092 _aE09N025
100 1 _aBotero, Manuel Antonio
_932400
245 1 0 _aHistoria antigua
_bLecciones dictadas en el Colegio Mayor de Nuestra Señora del Rosario
_cpor Manuel Antonio Botero
260 _aBogotá (Colombia)
_bTipografía Augusta
_c1917
300 _a260 páginas
_bilustraciones
_c21 x 14 cm.
500 _aDetalles físicos: encuadernación rígida (holandesa) cartón forrado en papel, con lomo de tela encolada roja. Guardas, en la delantera nota de donación por el autor. Portada impresa en una sola tinta. Dedicatoria. Texto impreso en una sola columna con varios tipos y tamaños de letra. Márgenes anchos. Ilustraciones a blanco y negro entre el texto. Buen estado de conservación. Papel con oxidación
505 2 _aCronología ; Geología ; Preliminares de la historia ; Edades primitivas ; India ; China ; Oriente ; Asirios ; Judíos ; Fenicios ; Medos y Persas -- Grecia ; Esparta ; Atenas ; Los siete sabios de Grecia ; Guerras médicas ; Siglo de oro de Grecia ; La decadencia ; Macedonia ; Desmembramiento del Imperio de Alejandro ; Mitología -- Roma ; República Romana ; Conquista de Italia ; Guerras púnicas ; Guerras civiles ; Caída de la república ; Siglo de Augusto ; América.
506 _aConsulta en sala
650 7 _aHistoria antigua
_916925
_xEnseñanza
650 7 _aHistoria antigua
_xLibros de texto
_995222
651 4 _aGrecia antigua
_926628
651 4 _aRoma (Italia)
_xHistoria antigua
_964325
690 _aHistoria universal
_916951
942 _cLIBRO
_a21
_e1
_2LOCAL
_hE09N025
999 _c72726
_d72726